Organizational behavior / (Record no. 2994)
[ view plain ]
| 000 -LEADER | |
|---|---|
| fixed length control field | 00963nam a22002895a 4500 |
| 006 - FIXED-LENGTH DATA ELEMENTS--ADDITIONAL MATERIAL CHARACTERISTICS--GENERAL INFORMATION | |
| fixed length control field | a||||fr|||| 00| 0 |
| 008 - FIXED-LENGTH DATA ELEMENTS--GENERAL INFORMATION | |
| fixed length control field | 150824t2001 njua frb 001 0 eng d |
| 010 ## - LIBRARY OF CONGRESS CONTROL NUMBER | |
| LC control number | 99049448 |
| 020 ## - INTERNATIONAL STANDARD BOOK NUMBER | |
| International Standard Book Number | 0130166804 |
| 020 ## - INTERNATIONAL STANDARD BOOK NUMBER | |
| International Standard Book Number | 8120317084 |
| 040 ## - CATALOGING SOURCE | |
| Original cataloging agency | EG-ScBUE |
| Language of cataloging | eng |
| Transcribing agency | EG-ScBUE |
| 082 04 - DEWEY DECIMAL CLASSIFICATION NUMBER | |
| Classification number | 658.3 |
| Item number | ROB |
| Edition number | 22 |
| 100 1# - MAIN ENTRY--PERSONAL NAME | |
| Personal name | Robbins, Stephen P., |
| 245 10 - TITLE STATEMENT | |
| Title | Organizational behavior / |
| Statement of responsibility, etc | Stephen P. Robbins. |
| 250 ## - EDITION STATEMENT | |
| Edition statement | 9th ed. |
| 260 ## - PUBLICATION, DISTRIBUTION, ETC. (IMPRINT) | |
| Place of publication, distribution, etc | Upper Saddle River : |
| Name of publisher, distributor, etc | Prentice Hall, |
| Date of publication, distribution, etc | c.2001. |
| 300 ## - PHYSICAL DESCRIPTION | |
| Extent | xxvii, 643 p. : |
| Other physical details | col. ill. ; |
| Dimensions | 26 cm. + |
| Accompanying material | 1 computer laser optical disc (4 3/4 in.). |
| 500 ## - GENERAL NOTE | |
| General note | Indexes. |
| 500 ## - GENERAL NOTE | |
| General note | Appendix. |
| 504 ## - BIBLIOGRAPHY, ETC. NOTE | |
| Bibliography, etc | Includes bibliographical references . |
| 538 ## - SYSTEM DETAILS NOTE | |
| System details note | System requirements for accompanying computer disc: Macintosh/Windows 95, 98, or NT. |
| 590 ## - LOCAL NOTE (RLIN) | |
| Local note | Menna elemam |
| 650 #0 - SUBJECT ADDED ENTRY--TOPICAL TERM | |
| Topical term or geographic name as entry element | Organizational behavior. |
| Source of heading or term | BUEsh |
| 651 ## - SUBJECT ADDED ENTRY--GEOGRAPHIC NAME | |
| Source of heading or term | BUEsh |
| 653 ## - INDEX TERM--UNCONTROLLED | |
| Resource For college | BAEPS, Business Administration |
| Arrived date list | August2015 |
| 942 ## - ADDED ENTRY ELEMENTS (KOHA) | |
| Item type | Book - Borrowing |
| Call number prefix | 658.3 ROB |
| Source of classification or shelving scheme | Dewey Decimal Classification |
| Withdrawn status | Item status | Damaged status | Not for loan | Home library | Current library | Shelving location | Date acquired | Source of acquisition | Total Checkouts | Full call number | Barcode | Date last seen | Date last borrowed | Koha item type |
|---|---|---|---|---|---|---|---|---|---|---|---|---|---|---|
| Central Library | Central Library | First floor | 07/03/2014 | Purchase | 3 | 658.3 ROB | 000001069 | 15/07/2025 | 21/04/2016 | Book - Borrowing |